[Event "Maria Teresa Mora Memorial IM3"]
[Site "Havana"]
[Date "2010.03.14"]
[Round "10"]
[White "Collazo Perez, Jorge Luis"]
[Black "Calveira Leon, Jesus"]
[Result "1-0"]
[WhiteElo "2024"]
[BlackElo "2043"]
[PlyCount "123"]
[EventDate "2010.03.05"]
[EventType "tourn"]
[EventRounds "11"]
[EventCountry "CUB"]
[SourceTitle "EXT 2019"]
[Source "ChessBase"]
[SourceDate "2018.10.10"]
[SourceVersion "1"]
[SourceVersionDate "2018.10.10"]
[SourceQuality "1"]

1. e4 e5 2. Nf3 Nc6 3. d4 exd4 4. Nxd4 Bc5 5. c3 Qf6 6. Nf3 h6 7. Qd5 Bb6 8. e5 Qe6 9. Qxe6+ dxe6 10. Nbd2 Nge7 11. Bd3 0-0 12. b4 a6 13. a4 Nd5 14. Ne4 Rd8 15. Ke2 Bd7 16. Bd2 Be8 17. Rhb1 Nce7 18. c4 f5 19. Ng3 Nxb4 20. Bxb4 Ng6 21. Bc2 Bc6 22. c5 Ba7 23. Rd1 Nf4+ 24. Kf1 Nd5 25. Ba3 Rd7 26. Bb3 Rad8 27. Rac1 g5 28. Nd4 Kf7 29. Ngxf5 Nf4 30. g3 Bd5 31. Nd6+ cxd6 32. gxf4 dxe5 33. c6 bxc6 34. Nxc6 Bxc6 35. Rxd7+ Bxd7 36. f5 Kf6 37. fxe6 Bxe6 38. Rc6 Re8 39. Rxa6 Bd4 40. a5 Kf7 41. Rxe6 Rxe6 42. a6 Kf6 43. Bxe6 Kxe6 44. Ke2 g4 45. Bc1 Kd6 46. Be3 Kc6 47. Bxd4 exd4 48. Kd3 Kb6 49. Kxd4 Kxa6 50. Ke5 Kb5 51. Kf4 Kc4 52. Kxg4 Kd4 53. Kf5 Kd5 54. f4 Kd6 55. Kf6 Kd7 56. Kf7 Kd6 57. f5 Ke5 58. Kg6 h5 59. h4 Kf4 60. f6 Kg4 61. f7 Kxh4 62. f8Q 1-0

[Event "Maria Teresa Mora Memorial IM3"]
[Site "Havana"]
[Date "2010.03.13"]
[Round "9"]
[White "Calveira Leon, Jesus"]
[Black "Pelaez Herrera, Ariel"]
[Result "0-1"]
[WhiteElo "2043"]
[BlackElo "2020"]
[PlyCount "36"]
[EventDate "2010.03.05"]
[EventType "tourn"]
[EventRounds "11"]
[EventCountry "CUB"]
[SourceTitle "EXT 2019"]
[Source "ChessBase"]
[SourceDate "2018.10.10"]
[SourceVersion "1"]
[SourceVersionDate "2018.10.10"]
[SourceQuality "1"]

1. d4 Nf6 2. c4 c6 3. d5 e6 4. Nc3 exd5 5. cxd5 d6 6. Nf3 g6 7. Nd2 Nbd7 8. f3 Bg7 9. e4 0-0 10. Be2 a6 11. a4 Re8 12. 0-0 Ne5 13. Nc4 Nxc4 14. Bxc4 Nd7 15. f4 Nf6 16. Re1 Ng4 17. Qf3 Qh4 18. Qg3 Bd4+ 0-1

[Event "Maria Teresa Mora Memorial IM3"]
[Site "Havana"]
[Date "2010.03.10"]
[Round "6"]
[White "Rodriguez Caballero, Mayrelis"]
[Black "Calveira Leon, Jesus"]
[Result "0-1"]
[WhiteElo "1914"]
[BlackElo "2043"]
[PlyCount "86"]
[EventDate "2010.03.05"]
[EventType "tourn"]
[EventRounds "11"]
[EventCountry "CUB"]
[SourceTitle "EXT 2019"]
[Source "ChessBase"]
[SourceDate "2018.10.10"]
[SourceVersion "1"]
[SourceVersionDate "2018.10.10"]
[SourceQuality "1"]

1. e4 e5 2. Nf3 Nc6 3. Bb5 a6 4. Bxc6 dxc6 5. 0-0 f6 6. d4 exd4 7. Nxd4 c5 8. Nf5 Qxd1 9. Rxd1 Bxf5 10. exf5 Bd6 11. Nc3 Ne7 12. g4 0-0-0 13. Be3 b6 14. Ne4 Be5 15. c3 h5 16. f4 Bd6 17. h3 hxg4 18. hxg4 Rh4 19. Nf2 Re8 20. Re1 Nd5 21. Bd2 Rxe1+ 22. Rxe1 Nxf4 23. Bxf4 Bxf4 24. Re7 Bc1 25. Rxg7 Bxb2 26. Ne4 c4 27. Kf2 b5 28. Nc5 c6 29. Nxa6 Bxc3 30. Rc7+ Kd8 31. Rxc6 Rxg4 32. Kf3 Rg5 33. Ke4 Rg2 34. Nc7 Kd7 35. Rc5 Kd6 36. Ne6 Bb2 37. Rxb5 c3 38. Nf4 Rg4 39. Rb8 Rxf4+ 40. Kxf4 c2 41. Rc8 c1Q+ 42. Rxc1 Bxc1+ 43. Ke4 Kc5 0-1

[Event "Maria Teresa Mora Memorial IM3"]
[Site "Havana"]
[Date "2010.03.06"]
[Round "2"]
[White "Perez Coyula, Rafael Alcides"]
[Black "Calveira Leon, Jesus"]
[Result "0-1"]
[WhiteElo "1994"]
[BlackElo "2043"]
[PlyCount "87"]
[EventDate "2010.03.05"]
[EventType "tourn"]
[EventRounds "11"]
[EventCountry "CUB"]
[SourceTitle "EXT 2019"]
[Source "ChessBase"]
[SourceDate "2018.10.10"]
[SourceVersion "1"]
[SourceVersionDate "2018.10.10"]
[SourceQuality "1"]

1. e4 e5 2. Nf3 Nc6 3. Bb5 a6 4. Ba4 Nf6 5. 0-0 Be7 6. Re1 b5 7. Bb3 0-0 8. a4 b4 9. d3 d6 10. Nbd2 Bg4 11. h3 Bh5 12. g4 Bg6 13. Nf1 Nd4 14. Nxd4 exd4 15. f4 h6 16. Re2 Nd7 17. Rg2 Kh8 18. Bd2 Rb8 19. a5 Nc5 20. Bd5 b3 21. Bxb3 Nxb3 22. cxb3 Qd7 23. Be1 Qb5 24. f5 Bh7 25. h4 Qxb3 26. Qf3 f6 27. Ng3 Bg8 28. Nh5 d5 29. Nf4 Rfe8 30. g5 dxe4 31. Ng6+ Kh7 32. Qh5 Bf7 33. dxe4 fxg5 34. hxg5 Bxg5 35. Ra3 Be3+ 36. Kh2 Qc4 37. Rxe3 dxe3 38. Bc3 Rxe4 39. Bxg7 Kxg7 40. Ne5+ Kh7 41. Qxf7+ Qxf7 42. Nxf7 e2 43. f6 Rh4+ 44. Kg3 0-1

[Event "Havana Municipal-ch 12th"]
[Site "Havana"]
[Date "2009.09.26"]
[Round "9"]
[White "Calveira Leon, Jesus"]
[Black "Fernandez Rodriguez, Carlos Antonio"]
[Result "1-0"]
[WhiteElo "2061"]
[BlackElo "2026"]
[PlyCount "51"]
[EventDate "2009.09.15"]
[EventType "swiss"]
[EventRounds "11"]
[EventCountry "CUB"]
[EventCategory "1"]
[SourceTitle "EXT 2012"]
[Source "ChessBase"]
[SourceDate "2011.11.24"]
[SourceVersion "1"]
[SourceVersionDate "2011.11.24"]
[SourceQuality "1"]

1. e4 e6 2. d3 c5 3. g3 Nc6 4. Bg2 d5 5. Nd2 Nf6 6. Ne2 d4 7. f4 e5 8. Nc4 Bd6 9. f5 b5 10. Nxd6+ Qxd6 11. 0-0 a5 12. a4 Ba6 13. axb5 Bxb5 14. Bd2 c4 15. Nc1 cxd3 16. Nxd3 h5 17. Qf3 Bxd3 18. Qxd3 Nb4 19. Qb5+ Qc6 20. Qxe5+ Kf8 21. Bxb4+ axb4 22. Rxa8+ Qxa8 23. Qc5+ Kg8 24. e5 Nd7 25. Qxd4 Qe8 26. Bc6 1-0

[Event "Havana Municipal-ch 12th"]
[Site "Havana"]
[Date "2009.09.22"]
[Round "6"]
[White "Calveira Leon, Jesus"]
[Black "Gonzalez Munoz, Ariel"]
[Result "0-1"]
[WhiteElo "2061"]
[BlackElo "2038"]
[PlyCount "74"]
[EventDate "2009.09.15"]
[EventType "swiss"]
[EventRounds "11"]
[EventCountry "CUB"]
[EventCategory "1"]
[SourceTitle "EXT 2012"]
[Source "ChessBase"]
[SourceDate "2011.11.24"]
[SourceVersion "1"]
[SourceVersionDate "2011.11.24"]
[SourceQuality "1"]

1. e4 c6 2. d4 d5 3. Nd2 dxe4 4. Nxe4 Nf6 5. Ng3 Bg4 6. Be2 Bxe2 7. N1xe2 e6 8. c4 Bb4+ 9. Bd2 Bxd2+ 10. Qxd2 Qd6 11. 0-0 0-0 12. Rad1 Rd8 13. Rfe1 Nbd7 14. a3 Nf8 15. f4 c5 16. Qc3 Rac8 17. Kh1 Qc7 18. b3 h5 19. Qf3 h4 20. Ne4 Nxe4 21. Qxe4 cxd4 22. Rxd4 Qa5 23. Red1 Rxd4 24. Qxd4 Qxa3 25. Qd3 Qc5 26. Ng1 Ng6 27. Qd7 Qc6 28. Ne2 Rc7 29. Qd8+ Kh7 30. f5 exf5 31. Rd5 Rc8 32. Qg5 Re8 33. h3 Kg8 34. Rd8 Qe4 35. Rxe8+ Qxe8 36. Nf4 Qe1+ 37. Kh2 Qe5 0-1